Statistics for Guess the Taylor Swift Song (no hints) 155

Click here to take the quiz!

General Stats

  • This quiz has been taken 18 times
  • The average score is 273 of 366

Answer Stats

Answer% Correct
I
100%
the
100%
The
100%
me
94%
a
88%
all
88%
And
88%
He
88%
Is
88%
it
88%
my
88%
When
88%
when
88%
you
88%
not
82%
On
82%
on
82%
we
82%
your
82%
at
76%
But
76%
for
76%
in
76%
Just
76%
like
76%
never
76%
night
76%
of
76%
one
76%
said,
76%
said
76%
that,
76%
That
76%
that
76%
then
76%
there
76%
Think
76%
think
76%
Tim
76%
To
76%
to
76%
back
71%
boy
71%
eyes
71%
head
71%
hope
71%
I'm
71%
it's
71%
It's
71%
long
71%
McGraw
71%
those
71%
time
71%
was
71%
black
65%
blue
65%
chest
65%
Chevy
65%
danced
65%
dress
65%
faded
65%
favorite
65%
From
65%
Georgia
65%
gone
65%
had
65%
happiness
65%
him
65%
jeans
65%
letter
65%
lie"
65%
little
65%
Oh,
65%
old
65%
Put
65%
read
65%
see
65%
shame
65%
shined
65%
song
65%
stars
65%
summer
65%
"That's
65%
thing
65%
truck
65%
up
65%
way
65%
find
59%
first
59%
lookin'
59%
right
59%
tendency
59%
there's
59%
you'll
59%
bed
53%
doorstep
53%
hard
53%
lake
53%
moon
53%
saw
53%
since
53%
Someday
53%
spotlight
53%
stuck
53%
takes
53%
woke
53%
backroads
47%
believe
47%
beneath
47%
beside
47%
bittersweet
47%
box
47%
gettin'
47%
God
47%
here
47%
left
47%
nice
47%
place
47%
radio
47%
September
47%
standing
47%
summers
47%
three
47%
turn
47%
weren't
47%
street
41%
tears
41%
thanking
41%
Mmm
35%
month
35%

Score Distribution

Percentile by Number Answered

Percent of People with Each Score

Your Score History

You have not taken this quiz